| 000 | 00939cam a22002291i 4500 | ||
|---|---|---|---|
| 003 | SA-RiAUC | ||
| 005 | 20251102134445.0 | ||
| 008 | 251102s1944 su f l f00010 ara c | ||
| 040 |
_aSA-JeALM _bara _cSA-RiAUC _erda |
||
| 043 | _aa-su--- | ||
| 082 | 0 | 4 |
_a345.5310243 _qSA-RiAUC |
| 090 |
_a345.5310243 _bس ع و |
||
| 110 | 1 |
_aالسعودية _eسلطة تشريعية. |
|
| 245 | 1 | 0 |
_aنظام منع بيع الأسلحة واقتنائها / _bصدر الأمر السامي بالموافقة على هذا النظام برقم 1 / 4 / 3 تاريخ 13 / 7 / 1354 هـ |
| 264 | 1 |
_aمكة المكرمة : _bمطبعة الحكومة، _c1962 |
|
| 300 |
_a7 صفحة ؛ _c24 سم |
||
| 336 |
_aنص _btxt _2rdacontent _3كتاب |
||
| 337 |
_aبدون وسيط _bn _2rdamedia |
||
| 650 | 7 |
_aالأسلحة _xقوانين وتشريعات _zالسعودية _2aucsh |
|
| 942 |
_2ddc _cBOOK _n0 |
||
| 949 |
_aSA-JeALM _d251102 _uosman123 _n1 |
||
| 999 |
_c12938 _d12938 |
||